000 01370cam a22001934a 4500
005 20250605164235.0
008 250528s ||||||||||||||||||||||||d
035 _a21120
020 _a9781403933065
040 _aGR-AtMCL
_bgre
_dGR-AtMCL
_eAACR2
245 1 _aUnderstanding Human Development / Biological, Social and Psychological Processes from Conception to Adult Life
260 _bPalgrave Macmillan,
_c2008
300 _a664
520 _aThe author critically reviews research on human development from the earliest studies to the theories and issues of the 21st century, including recent breakthroughs in neuropsychology, cross-cultural psychology and in the application of dynamic systems theory. Studying Human Development, The Beginning of Life, Bodies and Brains, Infrant Minds: Perception and Inference and Understanding in the First 18 Months, Growing Emotions: Social and Personal Development in the First 18 Months, Cognitive Development from Infancy from Infancy to Adulthood, Language, Reasoning and Conceptual Understanding, Memory and Problem Solving and Mechanisms of Cognitive Development, Individual Differences in Cognition, Prosocial and Antisocial Behavior, A Final Comment, Toward a New View of Development, References, Name and Subject Index.
700 1 _aThornton Stephanie
_97152
942 _cBK
999 _c6189
_d6189